Słoweńska imigracja według państw - Statystyki

Ogólne statystyki
  • Ten quiz został rozwiązany 120 razy
  • Średni wynik to 16 z 20
Statystyki odpowiedzi
Ludzie Państwo % Poprawnych
506 Austria
96%
9 819 Chorwacja
96%
2 695 Włochy
96%
87 446 Bośnia i Hercegowina
91%
17 652 Serbia
91%
1 051 Niemcy
90%
476 Rumunia
89%
8 524 Ukraina
87%
656 Węgry
87%
27 013 Kosowo
84%
4 172 Rosja
82%
468 Słowacja
81%
1 029 Czarnogóra
79%
3 135 Bułgaria
78%
14 863 Macedonia Północna
78%
468 Stany Zjednoczone
78%
670 Turcja
73%
713 Wielka Brytania
72%
1 285 Chiny
57%
369 Tajlandia
6%
Nie znaleziono quizów pasujących do podanych kryteriów
Rozkład punktacji
Procent ludzi z każdym wynikiem
Percentyl według liczby udzielonych odpowiedzi
Twoja historia wyników
Nie rozwiązałeś tego quizu